IMPACTO AMBIENTAL EN LAS COMUNIDADES AQUIL, EL ALFILER Y LA INDEPENDENCIA A CAUSA DEL DESLIZAMIENTO DEL CERRO XICUT UBICADO EN SAN CRISTÓBAL, ALTA VERAPAZ/ (Registro nro. 2053)

Detalles MARC
000 -LEADER
campo de control de longitud fija 03310nam a22003377a 4500
001 - NÚMERO DE CONTROL
campo de control TIGAL 0017
003 - IDENTIFICADOR DE NÚMERO DE CONTROL
campo de control gtcocun
005 - FECHA Y HORA DE LA ÚLTIMA TRANSACCIÓN
campo de control 20250922174829.0
006 - CÓDIGOS DE INFORMACIÓN DE LONGITUD FIJA--CARACTERÍSTICAS DEL MATERIAL ADICIONAL
campo de control de longitud fija a||||gr|||| 00| 0
007 - CAMPO FIJO DE DESCRIPCIÓN FÍSICA--INFORMACIÓN GENERAL
campo de control de longitud fija ta
008 - DATOS DE LONGITUD FIJA--INFORMACIÓN GENERAL
campo de control de longitud fija 250922b2019 gt ||||| m||| 00| 0 eng d
040 ## - FUENTE DE CATALOGACIÓN
Centro catalogador/agencia de origen gtcocun
Lengua de catalogación SPA
Centro/agencia transcriptor gtcocun
Normas de descripción RDA
041 ## - CÓDIGO DE IDIOMA
Código de lengua del texto/banda sonora o título independiente SPA TIGAL 0017
084 ## - OTRO NÚMERO DE CLASIFICACIÓN
Número de control del registro de autoridad o número normalizado TIGAL 0017
100 ## - ENTRADA PRINCIPAL--NOMBRE DE PERSONA
Nombre de persona Del Valle Reyes, Sofía Anahí
Término indicativo de función/relación Autor
245 ## - MENCIÓN DEL TÍTULO
Título IMPACTO AMBIENTAL EN LAS COMUNIDADES AQUIL, EL ALFILER Y LA INDEPENDENCIA A CAUSA DEL DESLIZAMIENTO DEL CERRO XICUT UBICADO EN SAN CRISTÓBAL, ALTA VERAPAZ/
Mención de responsabilidad, etc. Sofía Anahí Del Valle Reyes.
Medio Impreso
264 ## - PRODUCCIÓN, PUBLICACIÓN, DISTRIBUCIÓN, FABRICACIÓN Y COPYRIGHT
Producción, publicación, distribución, fabricación y copyright Cobán, Alta Verapaz:
Nombre del de productor, editor, distribuidor, fabricante Universidad de San Carlos de Guatemala, Centro Universitario del Norte, Carrera de Ingeniería en Gestión Ambiental Local
Fecha de producción, publicación, distribución, fabricación o copyright 2019
300 ## - DESCRIPCIÓN FÍSICA
Extensión 147 p.:
Otras características físicas Ilustraciones, gráficas.
Dimensiones 28 cm;
300 ## - DESCRIPCIÓN FÍSICA
Dimensiones PDF
336 ## - TIPO DE CONTENIDO
Fuente rdacontenido
Término de tipo de contenido Texto
Código de tipo de contenido txt
337 ## - TIPO DE MEDIO
Fuente rdamedio
Nombre/término del tipo de medio Computadora
Código del tipo de medio n
338 ## - TIPO DE SOPORTE
Fuente rdasoporte
Nombre/término del tipo de soporte Código en línea
Código del tipo de soporte cr
502 ## - NOTA DE TESIS
identificador de la tesis TIGAL 0017
502 ## - NOTA DE TESIS
Nota de tesis Tesis de grado
Tipo de título Carrera de Ingeniería en Gestión Ambiental Local,
Nombre de la institución que otorga el título Universidad de San Carlos de Guatemala, Centro Universitario del Norte, Carrera de Ingeniería en Gestión Ambiental Local
Año de obtención del título 2019
Identificador de la tesis TIGAL 0017
520 14 - RESUMEN, ETC.
Sumario, etc. El presente estudio técnico titulado impacto ambiental en las comunidades<br/>Aquil, el Alfiler y la Independencia a causa del deslizamiento del cerro Xicut<br/>ubicado en San Cristóbal, Alta Verapaz, está integrado por la descripción de la<br/>situación nacional, regional, local y actual del deslizamiento del cerro Xicut,<br/>tambien conocido como el derrumbe de los chorros.<br/><br/>En la sección metodológica del estudio se utilizó la matriz de<br/>operacionalización de variables para identificar los ámbitos sociales y<br/>económicos; y la matriz de Leopold para jerarquizar los impactos ambientales<br/>ocasionados por el deslizamiento del cerro Xicut, en las comunidades la<br/>Independencia, Aquil y el Alfiler.<br/><br/>En los resultados se logró identificar que en la comunidad la Independencia,<br/>es donde radica el mayor impacto ambiental producido por el deslizamiento del<br/>cerro Xicut, ya que en esta zona se perdió cobertura vegetal, cultivos agrícolas y<br/>con un gran impacto en la modificación del relieve terrestre, así mismo también la<br/>población de las comunidades Aquil y la Independencia, se ven afectadas con la<br/>suspensión del suministro de agua entubada, ya que el sistema de captación y<br/>distribución de agua se encuentra en la zona del deslizamiento.<br/><br/>Como parte de las propuestas esta la conformación del Comité de<br/>Operativización de Emergencias a Desastres de las comunidades Aquil, el Alfiler<br/>y la Independencia, y la propuesta de la clausura del botadero municipal de San<br/>Cristóbal Verapaz, que está ubicado en la comunidad la Independencia.
650 14 - PUNTO DE ACCESO ADICIONAL DE MATERIA--TÉRMINO DE MATERIA
Fuente del encabezamiento o término LEMB
Término de materia o nombre geográfico como elemento de entrada San Cristóbal Verapaz, Alta Verapaz
Subdivisión general Ingeniería en Gestión Ambiental Local
-- Deslizamiento
-- Derrumbe de los chorros
-- Impactos ambientales
-- Relieve terrestre
-- Capacitación
700 ## - ENTRADA AGREGADA--NOMBRE PERSONAL
Nombre de persona Ing. Geól. Walter Magareth González Veliz
Término indicativo de función/relación Asesor
856 ## - LOCALIZACIÓN Y ACCESO ELECTRÓNICOS
Identificador Uniforme de Recurso <a href="https://drive.google.com/file/d/1wWDDFGCm3SuyeQexpIMutGkN3DAlBB5E/view">https://drive.google.com/file/d/1wWDDFGCm3SuyeQexpIMutGkN3DAlBB5E/view</a>
Texto de enlace PDF
Nota pública Un ejemplar en línea.
942 ## - ELEMENTOS DE ENTRADA SECUNDARIOS (KOHA)
Fuente de la clasificación o esquema de estantería Clasificación Decimal Dewey
Tipo de ítem Koha TESIS
Parte de la signatura que identifica el ejemplar (Parte del ítem) TIGAL 0017
Prefijo de la signatura Clasificación
Suprimir en OPAC No
-- TIGAL_0017_000000000000000
Existencias
Estatus retirado Estado de pérdida Fuente de la clasificación o esquema de estantería Estado de daño No para préstamo Colección Biblioteca de origen Biblioteca actual Ubicación en estantería Fecha de adquisición Número de inventario Total de préstamos Signatura topográfica completa Código de barras Visto por última vez Precio de reemplazo Tipo de ítem Koha
    Clasificación Decimal Dewey     tesis BIBLIOTECA- CUNOR -JOSÉ LUIS GONZALES ROSALES BIBLIOTECA- CUNOR -JOSÉ LUIS GONZALES ROSALES Colección tesis 22/09/2025 TIGAL 0017   TIGAL 0017 TIGAL 0017 22/09/2025 22/09/2025 TESIS